• 首页
  • 本馆介绍
  • 公告通知
  • 最新文献
  • 馆藏检索
  • 电子资源
  • 读者导购
  • 参考咨询
  • 我的图书馆
  • 登录
  • 详细信息显示
  • 放入我的书架
  • 预约/预借图书
  • 作者相关作品
  • 分类相关作品
  • 丛书相关作品
  • 出版社相关作品

书目信息

  • 表格格式
  • 工作单格式
  • 卡片格式
题名:
心理咨询师
    
 
作者: ;心理咨询师辅导教程编写组 编著
分册:   三级
出版信息: 北京   企业管理出版社  2016
页数: 112页
开本: 26cm
丛书名:
单 册:
中图分类: B849.1
科图分类:
主题词: 心理咨询--xin li zi xun--资格考试--自学参考资料
电子资源:
ISBN: 978-7-5164-1346-3
000 00912nam0 22002411 450
001 0102164851
005 20170502164851.0
010    @a978-7-5164-1346-3@dCNY39.00(全2册78.00)
100    @a20170217d2016 em y0chiy50 ea
101 0  @achi
102    @aCN@b110000
105    @ay z 000yy
106    @ar
200 1  @a心理咨询师@9xin li zi xun shi@i三级@i技能操作@f心理咨询师辅导教程编写组编著
210    @a北京@c企业管理出版社@d2016
215    @a112页@d26cm
300    @a国家职业资格辅导教程 适用于国家职业技能鉴定 2017年版
330    @a本书包括“心理诊断技能”“心理咨询技能”“心理测验技能”三章,每章都安排相应的章节练习,并给出了参考答案及解析。
606 0  @a心理咨询@9xin li zi xun@x资格考试@j自学参考资料
690    @aB849.1@v5
711 02 @a心理咨询师辅导教程编写组@9xin li zi xun shi fu dao jiao cheng bian xie zu@4编著
801  0 @aCN@b百万庄@c20170308
905    @b1001992-7@dB849.1@e1613@f6
    
    心理咨询师.三级.技能操作/心理咨询师辅导教程编写组编著 .-北京:企业管理出版社,2016
    112页;26cm
    国家职业资格辅导教程 适用于国家职业技能鉴定 2017年版
    
    ISBN 978-7-5164-1346-3:CNY39.00(全2册78.00)
    本书包括“心理诊断技能”“心理咨询技能”“心理测验技能”三章,每章都安排相应的章节练习,并给出了参考答案及解析。
●
相关链接 在E读中查询图书 在五车中查询图书 在当当中查询图书 在豆瓣中查询图书


正题名:心理咨询师     索取号:B849.1/1613         预约/预借

序号 登录号 条形码 馆藏地/架位号 状态 备注
1 1001992   210019923   第一样本阅览室/ [索取号:B849.1/1613] 在馆    
2 1001993   210019932   教育系资料室/ [索取号:B849.1/1613] 在馆    
3 1001994   210019941   教育系资料室/ [索取号:B849.1/1613] 在馆    
4 1001995   210019950   教育系资料室/ [索取号:B849.1/1613] 在馆    
5 1001996   210019969   第一借阅区/ [索取号:B849.1/1613] 在馆    
6 1001997   210019978   第一借阅区/ [索取号:B849.1/1613] 在馆    
唐山师范学院图书馆 欢迎您!
大连网信软件有限公司© 版权所有